000 00564nam a2200205Ia 4500
008 260428s9999 xx 000 0 und d
020 _a9801210842
082 _a341 O49i 2005 HNA
100 _aOllarves Irazábal, Jesús
_935802
245 0 _aIus cogens en el derecho internacional contemporáneo.
250 _a1a. edición
260 _bCaracas, Venezuela
260 _c2005
300 _a538p.
500 _aHNA
650 _aDerecho
_9126
650 _aDerecho Contemporáneo
_935803
650 _aDerecho internacional
_91740
942 _cLIBRO
_2ddc
999 _c20441
_d20441